Dopasuj informacje- półfinaliści MŚ 2022 w Piłce Nożnej - Statystyki

Ogólne statystyki
  • Ten quiz został rozwiązany 66 razy
  • Średni wynik to 15 z 16
Statystyki odpowiedzi
Wskazówka Państwo % Poprawnych
Hugo Lloris (piłkarz) Francja
100%
Rabat (stolica) Maroko
100%
Buenos Aires (stolica) Argentyna
98%
Marcelo Brozović (piłkarz) Chorwacja
98%
Paryż (stolica) Francja
97%
Lionel Scaloni (trener) Argentyna
95%
Zagrzeb (stolica) Chorwacja
95%
Didier Deschamps (trener) Francja
95%
Wersal (zabytek) Francja
95%
Meczet Hassana II (zabytek) Maroko
95%
Hakim Ziyech (piłkarz) Maroko
95%
Walid Regragui (trener) Maroko
95%
Plaza de Mayo (zabytek) Argentyna
93%
Nicolás Tagliafico (piłkarz) Argentyna
93%
Zlatko Dalić (trener) Chorwacja
93%
Jeziora Plitwickie (zabytek) Chorwacja
92%
Nie znaleziono quizów pasujących do podanych kryteriów
Rozkład punktacji
Procent ludzi z każdym wynikiem
Percentyl według liczby udzielonych odpowiedzi
Twoja historia wyników
Nie rozwiązałeś tego quizu